Teacher pay &teacher quality : (Record no. 133568)

MARC details
000 -LEADER
fixed length control field 00872nam a2200253 a 4500
008 - FIXED-LENGTH DATA ELEMENTS--GENERAL INFORMATION
fixed length control field
020 ## - INTERNATIONAL STANDARD BOOK NUMBER
International Standard Book Number 1412913217 (pbk.)
090 ## - LOCALLY ASSIGNED LC-TYPE CALL NUMBER (OCLC); LOCAL CALL NUMBER (RLIN)
Classification number (OCLC) (R) ; Classification number, CALL (RLIN) (NR) LB2842.22
Local cutter number (OCLC) ; Book number/undivided call number, CALL (RLIN) STR
003 - CONTROL NUMBER IDENTIFIER
control field
005 - DATE AND TIME OF LATEST TRANSACTION
control field 20230123124957.0
040 ## - CATALOGING SOURCE
Transcribing agency NUST
049 ## - LOCAL HOLDINGS (OCLC)
Holding library MAIN
100 1# - MAIN ENTRY--PERSONAL NAME
Personal name Stronge, James H.
245 10 - TITLE STATEMENT
Title Teacher pay &teacher quality :
Remainder of title attracting developing & retaining the best teachers /
Statement of responsibility, etc. James H. Stronge, Christopher R. Gareis and Catherine A. Little.
260 ## - PUBLICATION, DISTRIBUTION, ETC.
Place of publication, distribution, etc. Thousand Oaks :
Name of publisher, distributor, etc. California ;
Date of publication, distribution, etc. 2006.
300 ## - PHYSICAL DESCRIPTION
Extent xi,185 p.
Other physical details ill. ;
Dimensions 26 cm.
650 ## - SUBJECT ADDED ENTRY--TOPICAL TERM
Topical term or geographic name entry element Teacher effectiveness-United States.
650 ## - SUBJECT ADDED ENTRY--TOPICAL TERM
Topical term or geographic name entry element Teacher-recruiting -United States.
650 #1 - SUBJECT ADDED ENTRY--TOPICAL TERM
Topical term or geographic name entry element Teacher-salaries-United States.
700 ## - ADDED ENTRY--PERSONAL NAME
Personal name Little, Catherine A.
700 ## - ADDED ENTRY--PERSONAL NAME
Personal name Gareis, Christopher R.
907 ## - LOCAL DATA ELEMENT G, LDG (RLIN)
a .b10270012
b 28-04-10
c 20-10-09
942 ## - ADDED ENTRY ELEMENTS (KOHA)
Koha item type Ordinary Loan Books
Call number prefix LB2842.22
Call number suffix STR
Holdings
Date last seen Total Checkouts Full call number Barcode Cost, replacement price Price effective from Koha item type Lost status Source of classification or shelving scheme Damaged status Not for loan Collection Withdrawn status Home library Current library Shelving location Date acquired Cost, normal purchase price
01/23/2023 1 LB2842.22 STR 92004011757 80.00 01/23/2023 BOOKS   LCC     NFIC   MAIN MAIN GEN 01/23/2023 80.00